000 00184 a2200097 4500
020 _a9780439773751
041 _aspa
100 _aLuz Orihuela
245 _aCaperucita roja
942 _cK
999 _c30152
_d30150